|
|
|
|
| LEADER |
00670pam a22002058a 4500 |
| 001 |
00020758 |
| 005 |
20171026081022.0 |
| 008 |
110519s1975 ||||||Viesd |
| 041 |
0 |
# |
|a Vie
|
| 082 |
1 |
4 |
|a 895.922 803
|b M305N
|
| 245 |
0 |
0 |
|a Miền Nam trong lòng Bác
|b Hồi ký
|
| 260 |
# |
# |
|b Thanh niên
|c 1975
|a H.
|
| 300 |
# |
# |
|a 223tr.
|b Ảnh trắng đen
|c 19 cm.
|
| 650 |
# |
4 |
|a Văn học Việt Nam
|
| 653 |
# |
# |
|a Hồi ký
|
| 852 |
# |
# |
|b Kho mượn
|j KM.0007570
|
| 852 |
# |
# |
|b Kho đọc
|j KD.0006083
|
| 852 |
# |
# |
|j KM.0007570
|j KD.0006083
|
| 910 |
0 |
# |
|a Hoa Lê
|d 19/05/2011
|
| 980 |
# |
# |
|a Trung tâm Học liệu Lê Vũ Hùng, Trường Đại học Đồng Tháp
|